000 00534nam a2200193Ia 4500
003 GCL
005 20240530110924.0
008 140319s2005 nyuaf f 000 0 eng d
020 _a9783823845959
040 _aGCL /
_cGCL
082 0 4 _a747.8571/
_bA U
100 1 _aAsensio, Paco
245 1 0 _aUltimate Restaurant Design /
_cPaco Asensio
260 _aNew York :
_bteNeues Publishing Group،
_c2005.
300 _a526 p. :
_bill ;
_c30 cm.
650 0 4 _aINTERIOR DECORATION
650 0 4 _aRestaurant
_xDECORATION
942 _2ddc
_cBK
999 _c66528
_d66528